Marines les plus puissantes du monde. - Statistiques

Statistiques générales
  • Ce quiz a été pris 563 fois
  • Le résultat moyen est 9 sur 10
Statistiques - réponses
Rang Pays % Correct
1 États-Unis
100%
4 France
100%
3 Chine
99%
2 Russie
97%
7 Japon
94%
5 Royaume-Uni
94%
6 Inde
93%
8 Brésil
83%
10 Corée du Sud
76%
9 Allemagne
71%
Aucun quiz correspondant
Distribution des résultats
% des personnes avec chaque résultat
Percentile par nombre de réponses
Votre historique - résultats
Vous n’avez pas pris ce quiz